Statistics for Every Song by Portishead

Click here to take the quiz!

General Stats

  • This quiz has been taken 3 times
  • The average score is 10 of 42

Answer Stats

AlbumSong% Correct
Dummy(1994)Glory Box
100%
Dummy(1994)Sour Times
100%
Third(2008)Machine Gun
67%
Dummy(1994)Roads
67%
Dummy(1994)Biscuit
33%
Portishead(1997)Cowboys
33%
Third(2008)Deep Water
33%
Portishead(1997)Elysium
33%
Portishead(1997)Half Day Closing
33%
Third(2008)Hunter
33%
Dummy(1994)It Could Be Sweet
33%
Portishead(1997)Mourning Air
33%
Dummy(1994)Mysterons
33%
Third(2008)Nylon Smile
33%
Dummy(1994)Pedestal
33%
Glory Times(1995)Sheared Box
33%
Third(2008)Small
33%
Dummy(Bonus)(1994)Sour Sour Times
33%
Dummy(1994)Strangers
33%
Third(2008)The Rip
33%
Third(2008)Threads
33%
Glory Times(1995)Toy Box
33%
Dummy(1994)Wandering Star
33%
Portishead(1997)Western Eyes
33%
Glory Times(1995)Airbus Reconstruction
0%
Portishead(1997)All Mine
0%
Non-Album(2009)Chase the Tear
0%
Glory Times(1995)
Lot More
0%
Portishead(1997)Humming
0%
Dummy(1994)It's a Fire
0%
Third(2008)Magic Doors
0%
Dummy(1994)Numb
0%
Portishead(1997)Only You
0%
Portishead(1997)Over
0%
Third(2008)Plastic
0%
Glory Times(1995)Scorn
0%
Portishead(1997)Seven Months
0%
Glory Times(1995)Sheared Times
0%
Third(2008)Silence
0%
Glory Times(1995)Theme from To Kill a Dead Man
0%
Portishead(1997)Undenied
0%
Third(2008)We Carry On
0%

Score Distribution

Percentile by Number Answered

Percent of People with Each Score

Your Score History

You have not taken this quiz